Gestionar es hacer que las cosas sucedan : competencias, actitudes y dispositivos para diseñar instituciones educativas /

Guardado en:
Autor Principal: Blejmar, Bernardo
Formato: Libro
Publicado: Buenos Aires : Novedades Educativas, 2005.
Series:Noveduc
Materias:
Etiquetas: Agregar Etiqueta
Sin Etiquetas, Sea el primero en etiquetar este registro!
LEADER 00852nam a22002295a 4500
001 CEM.cems011931
005 20070518210718.0
008 130507s2005##################000#0#####d
003 CEMS
020 |a 9875381241 
082 0 4 |a 371.2 
100 1 |a Blejmar, Bernardo 
245 1 0 |a Gestionar es hacer que las cosas sucedan :  |b competencias, actitudes y dispositivos para diseñar instituciones educativas /  |c Bernardo Blejmar. 
260 |a Buenos Aires :  |b Novedades Educativas,  |c 2005. 
300 |a 144 p. 
490 0 |a Noveduc 
505 0 |a La gestión como palabra -- La cotidianeidad en las organizaciones -- La gestión como construcción de futuro. 
653 |a Educación 
653 |a Administración escolar 
653 |a Organización escolar 
653 |a Instituciones educativas 
859 |a CEMS  |b BIB. CEMS - 11 de abril  |h 371.2  |i B615  |p 23065.05  |t Ej.1